000 00735nam a2200229 i 4500
001 128528
003 ES-MaACL
005 20230906193315.0
007 t|
008 070517s1964 sp ||||1| spa d
080 _a251
100 1 _aTaddei, Nazareno.
_9109055
245 1 3 _aLa predicación en la época de la imagen /
_cNazareno Taddei ; [Traducido por Rafael Andrés].
260 _aBilbao :
_bDesclée de Brouwer,
_c1964.
300 _a152 p. ;
_c19 cm.
490 1 _aBiblioteca de Estudios Pastorales ;
_v30
650 1 4 _aPredicación.
_916342
700 1 _aAndrés, Rafael de.
_921584
830 0 _aBiblioteca de Estudios Pastorales ;
_v30
_9181669
852 _aES-MaACL
_jC-26220
_bR.54465
999 _c128528
_d128528